MONITOROVANIE PACIENTOV S NÁDORMI KOSTÍ NA ÚROVNI LEKÁROV PRVÉHO KONTAKTU

Bibliographic Details
Main Author: Žilínek, Viliam, 1954- (Author)
Format: Article
Language:Slovak

MARC

LEADER 00000nab a2200000ua 4500
001 vtls010825280
003 SK-MaSNL
005 20260304022528.0
008 230127s2009 xo |||||||||||||||||slo|
035 |a (urnnbn)urn:nbn:sk:snk:ar-a066is 
035 |a urn:nbn:sk:snk-ab5rls 
035 |a (uuid)b653d5bf-be1c-46fa-bdd0-5cbf7f72fefb 
040 |a SNKBUCL  |b slo  |c SNKBUCL  |e AACR2 
041 0 |a slo 
044 |a xo  |c SK 
100 1 |a Žilínek, Viliam,  |d 1954-  |4 aut  |9 161549 
245 1 0 |a MONITOROVANIE PACIENTOV S NÁDORMI KOSTÍ NA ÚROVNI LEKÁROV PRVÉHO KONTAKTU  |c Viliam Žilínek 
246 3 |a MONITORING OF PATIENTS WITH OSTEOMAS FROM THE VIEW OF PHYSICIANS OF THE FIRST CONTACT 
773 0 |t Pediatria  |g Roč. 4, č. 4 (2009), s. 175-180 
954 |a odborná, vedecká literatúra pôvodná (slovenská)  |2 lita 
958 |a OND 
958 |a EUIPO 
958 |a article5 
999 |c 2611713  |d 2613643